| 000 | 00778cam a22002531a 4500 | ||
|---|---|---|---|
| 001 | 000008486 | ||
| 005 | 20200929161341.0 | ||
| 008 | 840709s1958 sp 000 0 spa | ||
| 010 | _a55027019 | ||
| 035 | _a(OCoLC)10927146 | ||
| 040 |
_aDO-SdBNP _cWOshU _dWOshU _dCSdU _dBNPHU |
||
| 042 | _apremarc | ||
| 082 |
_a863.6 _bB644 |
||
| 100 | 1 |
_aBlasco Ibanez, Vicente, _d1867-1928. _915017 |
|
| 245 | 1 | 0 |
_aCañas y barro : _bnovela / _cVicente Blasco Ibanez. |
| 260 |
_aBarcelona : _bPlaneta, _c1958. |
||
| 300 |
_a305 p. ; _c20 cm. |
||
| 490 | 1 | _a"Autores espanoles contemporáneos" | |
| 650 | 4 |
_aNovela española _91123 |
|
| 650 | 4 |
_aLiteratura española _9632 |
|
| 830 | 0 |
_aAutores espanoles contemporáneos. _94154 |
|
| 910 | _aCatalogación por copia / LC | ||
| 049 | _aBNGR | ||
| 999 |
_c8257 _d8257 |
||